[Event "POLFINAL MISTRZOSTW POLSKI JUNIOROW 2019 - D15"]
[Site "Ustron"]
[Date "1899-12-30"]
[Round "3.4"]
[White "Pacho, Maria"]
[Black "Czerwinska, Oliwia"]
[Result "0-1"]
[WhiteTitle "II"]
[BlackTitle "I"]
[WhiteElo "1223"]
[BlackElo "1366"]

1. g3 e5 2. Bg2 d5 3. d3 Nf6 4. Nf3 Bd6 5. O-O O-O 6. Nbd2 Be6 7. b3 Re8 8. Bb2
Nc6 9. c4 Qd7 10. Ng5 h6 11. Nxe6 Qxe6 12. cxd5 Nxd5 13. Nc4 Bf8 14. a3 a5 15.
e3 g6 16. Re1 Bg7 17. Qd2 Nb6 18. Nxb6 cxb6 19. b4 Qd7 20. b5 Ne7 21. a4 Rad8
22. Red1 Nf5 23. Bh3 Qd6 24. Ba3 Qf6 25. Rac1 Rc8 26. Rxc8 Rxc8 27. e4 Nd4 28.
Bg2 Rc2 29. Qe1 Nf3+ 30. Bxf3 Qxf3 31. Bc1 Re2 32. Qf1 Rxf2 33. Qxf2 Qxd1+ 34.
Qf1 Qxa4 0-1

[Event "POLFINAL MISTRZOSTW POLSKI JUNIOROW 2019 - D15"]
[Site "Ustron"]
[Date "1899-12-30"]
[Round "3.5"]
[White "Zajac, Aleksandra"]
[Black "Matyjasek, Michalina"]
[Result "0-1"]
[WhiteTitle "II"]
[BlackTitle "I"]
[WhiteElo "1162"]
[BlackElo "1366"]

1. e4 c5 2. Nc3 Nc6 3. g3 g6 4. Bg2 Bg7 5. d3 d6 6. Be3 e6 7. Qd2 Rb8 8. Nf3 Nd4
9. Nd1 Ne7 10. c3 Nxf3+ 11. Bxf3 O-O 12. Bh6 Nc6 13. h4 Qf6 14. Be2 Bxh6 15. Qxh6
b5 16. h5 b4 17. f4 a5 18. Rh4 Qg7 19. hxg6 hxg6 20. Qxg7+ Kxg7 21. Bf3 Bd7 22.
Kf2 bxc3 23. bxc3 Rb6 24. Kg1 Rfb8 25. Rh2 Na7 26. a4 Nc8 27. Rha2 Ne7 28. Rc1
Rb3 29. Be2 Nc8 30. Rcc2 Nb6 31. Nb2 Bc6 32. Bd1 Nc8 33. Kf2 d5 34. e5 Ne7 35.
Bg4 Rh8 36. Kg1 d4 37. Rh2 Rxh2 38. Kxh2 Rxc3 39. Kg1 Rc2 40. Bh3 Bd5 0-1

[Event "POLFINAL MISTRZOSTW POLSKI JUNIOROW 2019 - D15"]
[Site "Ustron"]
[Date "1899-12-30"]
[Round "3.6"]
[White "Nowak, Roksana"]
[Black "Retz, Agnieszka"]
[Result "1-0"]
[WhiteTitle "I"]
[BlackTitle "II+"]
[WhiteElo "1358"]
[BlackElo "1221"]

1. f4 d5 2. Nf3 Nc6 3. e3 a6 4. b3 Nf6 5. Bb2 e6 6. Be2 Bd6 7. O-O Qe7 8. Ne5 Bxe5
9. fxe5 Nd7 10. d4 Nf8 11. Nd2 Ng6 12. a4 Bd7 13. Nf3 Qd8 14. Qe1 Nce7 15. Bd3
Nf5 16. c4 c6 17. b4 dxc4 18. Bxc4 b5 19. axb5 cxb5 20. Bb3 O-O 21. e4 Nfh4 22.
d5 Nxf3+ 23. Rxf3 Qg5 24. Qc3 Nh4 25. Rg3 Qe7 26. d6 Qd8 27. Qe3 Ng6 28. Rc1 Rc8
29. Rxc8 Qxc8 30. Qd2 Qc6 31. Qe1 Qb6+ 32. Kh1 Rc8 33. Rc3 Rxc3 34. Bxc3 Nf4 35.
Qd2 Ng6 36. g3 Qd8 37. h4 h6 38. Qe3 Nf8 39. Bd4 Qc8 40. Bc5 Qb7 41. Bc2 Nh7 42.
g4 Qc8 43. Kg2 Qd8 44. Kg3 f6 45. exf6 Qxf6 46. e5 Qf7 47. Qe4 Nf8 48. Bd3 Qe8
49. Qb7 Qc8 50. Be4 Kf7 51. h5 Kg8 52. Qb6 Kf7 53. Bb7 Qe8 54. Bxa6 Kg8 55. Qb7
Bc6 56. Qc8 Qxc8 57. Bxc8 Nd7 58. Kf4 Kh7 59. Bd4 g6 60. Ke3 g5 61. Bc3 Kg8 62.
Kd4 Kf8 63. Bxd7 Bxd7 64. Kc5 Ke8 65. Kb6 Kd8 66. Bd2 1-0

[Event "POLFINAL MISTRZOSTW POLSKI JUNIOROW 2019 - D15"]
[Site "Ustron"]
[Date "1899-12-30"]
[Round "3.7"]
[White "Szymura, Oliwia"]
[Black "Bienko, Jagoda"]
[Result "0-1"]
[WhiteTitle "II"]
[BlackTitle "I"]
[WhiteElo "1187"]
[BlackElo "1350"]

1. e4 c5 2. Nc3 Nc6 3. g3 g6 4. Bg2 Bg7 5. f4 d6 6. Nf3 Bd7 7. O-O Rb8 8. h3 b5
9. g4 e6 10. d3 Nd4 11. Nxd4 Bxd4+ 12. Kh1 Ne7 13. Ne2 Bg7 14. Ng3 O-O 15. f5
Be5 16. fxe6 Bxe6 17. Qf3 Nc6 18. c3 b4 19. Bf4 bxc3 20. bxc3 Bxc3 21. Rac1 Bg7
22. Ne2 Rb2 23. Qg3 Rxe2 24. Bxd6 Re8 25. Rxc5 Qb6 26. e5 Bxe5 27. Rxc6 Bxg3 28.
Rxb6 axb6 29. Bxg3 Bxa2 30. Ra1 b5 31. Bc6 R8e3 32. Bh4 Rxh3+ 33. Kg1 Rxh4 34.
Bxb5 Rxg4+ 35. Kf1 Rb2 36. Bd7 Rf4+ 37. Ke1 Rb1+ 38. Rxb1 Bxb1 39. Ke2 h5 40.
Ke3 Rf6 41. d4 Bf5 42. Bb5 Be6 43. Ke4 h4 44. Kd3 Bd5 45. Bd7 h3 46. Kc3 h2 47.
Kb4 h1=Q 48. Kc5 Bc6 49. Bc8 Qc1+ 50. Kb6 Ba8+ 51. Kb5 Qxc8 52. d5 Bxd5 53. Kb4
Rb6+ 54. Ka4 Qa6# 0-1

[Event "POLFINAL MISTRZOSTW POLSKI JUNIOROW 2019 - D15"]
[Site "Ustron"]
[Date "1899-12-30"]
[Round "3.9"]
[White "Kulpa, Karolina"]
[Black "Rodzik, Malgorzata"]
[Result "1-0"]
[WhiteTitle "I"]
[BlackTitle "II"]
[WhiteElo "1319"]
[BlackElo "1138"]

1. d4 e6 2. c4 f5 3. g3 Nf6 4. Bg2 Bb4+ 5. Nd2 Bxd2+ 6. Qxd2 O-O 7. b3 d6 8. Bb2
Nbd7 9. f4 Ne4 10. Qc2 Ndf6 11. Nf3 Qe8 12. O-O Qh5 13. e3 Ng4 14. Rae1 g5 15.
Bh1 h6 16. Re2 Qg6 17. Nd2 Nxd2 18. Qxd2 h5 19. fxg5 Qxg5 20. e4 Qg6 21. Bc1 Rb8
22. Qg5 Qxg5 23. Bxg5 fxe4 24. Rxf8+ Kxf8 25. h3 e5 26. hxg4 Bxg4 27. Rxe4 exd4
28. Rxd4 b6 29. Rf4+ Kg7 30. Bf6+ Kh6 31. Bc3 Re8 32. Re4 Rg8 33. Re7 Bf5 34.
Bd2+ Kg6 35. Rxc7 Re8 36. Bf3 a5 37. Rc6 Bb1 38. Rxd6+ Kf5 39. Bxh5 Rg8 40. g4+
Ke5 41. Rxb6 Bxa2 42. Bxa5 Kd4 43. Rd6+ Kc5 44. Rd5+ Kc6 45. Rb5 Rc8 46. Rb6+
Kc5 47. Rb5+ Kc6 48. g5 Bb1 49. Bf3+ Kd6 50. c5+ Ke7 51. c6 Kf7 52. c7 Bd3 53.
Rb8 Bf5 54. Bb7 1-0

[Event "POLFINAL MISTRZOSTW POLSKI JUNIOROW 2019 - D15"]
[Site "Ustron"]
[Date "1899-12-30"]
[Round "3.11"]
[White "Buchta, Alicja"]
[Black "Rozumek, Paulina"]
[Result "1/2-1/2"]
[WhiteTitle "II"]
[BlackTitle "II"]
[WhiteElo "1107"]
[BlackElo "1151"]

1. c4 c6 2. Nc3 d5 3. cxd5 cxd5 4. d4 Bf5 5. e3 Nf6 6. Nf3 e6 7. Bb5+ Nbd7 8. O-O
Bd6 9. Re1 O-O 10. h3 a6 11. Bd3 Bxd3 12. Qxd3 Rc8 13. Bd2 Qe7 14. Rab1 b5 15.
e4 dxe4 16. Nxe4 Nxe4 17. Rxe4 Rfe8 18. Rbe1 Nf6 19. R4e2 Nd5 20. Ne5 Bb4 21.
Bxb4 Qxb4 22. Qd2 Qxd2 23. Rxd2 h6 24. g3 Re7 25. Ree2 Rec7 26. Kg2 Kh7 27. Nd3
Kg8 28. Nc5 a5 29. Nd3 a4 30. a3 Rb7 31. Rc2 Rxc2 1/2-1/2

[Event "POLFINAL MISTRZOSTW POLSKI JUNIOROW 2019 - D15"]
[Site "Ustron"]
[Date "1899-12-30"]
[Round "3.12"]
[White "Kowalska, Julia"]
[Black "Kokoszka, Alicja"]
[Result "0-1"]
[WhiteTitle "II"]
[BlackTitle "II"]
[WhiteElo "1055"]
[BlackElo "1135"]

1. e4 e6 2. Nf3 b6 3. Nc3 Bb7 4. Bc4 Bb4 5. a3 Bxc3 6. dxc3 Bxe4 7. O-O Ne7 8.
Bf4 Bg6 9. h3 O-O 10. Re1 f5 11. Ne5 a6 12. Qf3 Nbc6 13. Rad1 Nxe5 14. Bxe5 Qe8
15. Bxc7 Bh5 16. g4 fxg4 17. Qd3 gxh3 18. Rd2 Rf3 19. Qe4 Nf5 20. Kh2 Ra7 21.
Bxb6 Qb8+ 22. Qe5 Qxb6 23. b4 Rxf2+ 24. Rxf2 Qxf2+ 25. Kxh3 Qh4+ 26. Kg2 Qg4+
27. Kh2 Qh4+ 28. Kg2 Qg5+ 29. Kh2 Qd2+ 30. Be2 Bxe2 31. Rxe2 Qd6 32. Qxd6 Nxd6
33. Kg3 Rc7 34. Kf4 Rxc3 35. Rd2 Nc4 36. Rxd7 Rxa3 37. Rc7 Rc3 38. Rc6 e5+ 39.
Ke4 Rxc2 0-1

[Event "POLFINAL MISTRZOSTW POLSKI JUNIOROW 2019 - D15"]
[Site "Ustron"]
[Date "1899-12-30"]
[Round "3.13"]
[White "Dumin, Monika"]
[Black "Pieczewska, Gabriela"]
[Result "1/2-1/2"]
[WhiteTitle "II"]
[BlackTitle "I"]
[WhiteElo "1089"]
[BlackElo "1184"]

1. e4 e6 2. d4 d5 3. exd5 exd5 4. Nf3 Bd6 5. Nc3 Ne7 6. Be3 Bg4 7. Be2 c6 8. h3
Bh5 9. Qd2 Qc7 10. Nh4 Bxe2 11. Nxe2 Nd7 12. c3 h6 13. Nf3 g5 14. g3 O-O-O 15.
O-O-O Rdf8 16. Nh2 f5 17. f4 Nf6 18. Nf3 Ne4 19. Qc2 gxf4 20. gxf4 Ng6 21. Ne5
Rhg8 22. Rdg1 Nh4 23. Rxg8 Rxg8 24. Rg1 Rxg1+ 25. Nxg1 Qg7 26. Qe2 Qg2 27. Kd1
Ng3 28. Qxg2 Nxg2 29. Kd2 Ne4+ 30. Ke2 Nh4 31. Ngf3 Nxf3 32. Nxf3 Kd7 1/2-1/2

[Event "POLFINAL MISTRZOSTW POLSKI JUNIOROW 2019 - D15"]
[Site "Ustron"]
[Date "1899-12-30"]
[Round "4.1"]
[White "Franek, Diana"]
[Black "Cieslak, Jessica"]
[Result "1/2-1/2"]
[WhiteTitle "I"]
[BlackTitle "I"]
[WhiteElo "1299"]
[BlackElo "1304"]

1. e4 d6 2. d4 Nf6 3. Nd2 e5 4. c3 exd4 5. cxd4 Nc6 6. d5 Ne5 7. h3 Be7 8. Ngf3
O-O 9. Be2 Nfd7 10. O-O Nc5 11. Nxe5 dxe5 12. Bc4 Bg5 13. b4 Bxd2 14. bxc5 Bc3
15. Rb1 Bd4 16. Ba3 Qh4 17. Qb3 c6 18. Rbe1 g5 19. Bb2 Bxb2 20. Qxb2 Qf4 21. Qc1
Kh8 22. Qxf4 gxf4 23. d6 f3 24. Re3 fxg2 25. Kxg2 b6 26. cxb6 axb6 27. Rd1 Ba6
28. Bb3 c5 29. a4 c4 30. Bc2 Rfd8 31. Rf3 Rd7 32. Rf5 Re8 33. f4 exf4 34. Rxf4
Re6 35. Rxf7 Rdxd6 1/2-1/2

[Event "POLFINAL MISTRZOSTW POLSKI JUNIOROW 2019 - D15"]
[Site "Ustron"]
[Date "1899-12-30"]
[Round "4.2"]
[White "Czerwinska, Oliwia"]
[Black "Szewczyk, Malwina"]
[Result "1-0"]
[WhiteTitle "I"]
[BlackTitle "I"]
[WhiteElo "1366"]
[BlackElo "1332"]

1. e4 e6 2. d4 d5 3. e5 c5 4. c3 Nc6 5. Nf3 Qb6 6. a3 Nh6 7. b4 cxd4 8. cxd4 Nf5
9. Be3 Bd7 10. Be2 Rc8 11. O-O Be7 12. Qd2 a5 13. b5 Na7 14. a4 Bb4 15. Qb2 Ke7
16. Bd2 Bxd2 17. Nbxd2 Rc7 18. Rac1 Rhc8 19. Nb3 Bxb5 20. Rxc7+ Rxc7 21. axb5
Nxb5 22. Bxb5 Qxb5 23. Qa3+ Qb4 24. Qxa5 Qxa5 25. Nxa5 Rc3 26. Nxb7 Kd7 27. Nc5+
Kc7 28. Na4 Rc4 29. Nb2 Rb4 30. Rc1+ Kb7 31. Nd3 Nxd4 32. Nxb4 Ne2+ 33. Kf1 Nxc1
34. Ng5 h6 35. Nxf7 Kc7 36. Nh8 Nb3 37. Ng6 Kd7 38. Ke2 Nd4+ 39. Kd3 Nf5 40. g4
Ne7 41. Nf8+ Ke8 42. Nxe6 Kf7 43. Nf4 1-0

[Event "POLFINAL MISTRZOSTW POLSKI JUNIOROW 2019 - D15"]
[Site "Ustron"]
[Date "1899-12-30"]
[Round "4.3"]
[White "Matyjasek, Michalina"]
[Black "Reszka, Zofia"]
[Result "1-0"]
[WhiteTitle "I"]
[BlackTitle "I"]
[WhiteElo "1366"]
[BlackElo "1258"]

1. d4 d5 2. c4 e6 3. Nf3 c6 4. e3 Nf6 5. b3 Bd6 6. Bd3 O-O 7. O-O Nbd7 8. Bb2 Qe7
9. cxd5 exd5 10. Nc3 Re8 11. Qc2 h6 12. Rfe1 Ba3 13. Bxa3 Qxa3 14. Rab1 Qf8 15.
b4 b5 16. a4 a6 17. a5 Qd6 18. Rec1 Bb7 19. h3 Rac8 20. Bf5 Rc7 21. Nd2 Rd8 22.
Ne2 Nf8 23. Nf3 N8d7 24. Ng3 Re8 25. Nd2 Bc8 26. Bd3 Nf8 27. Rb3 N8d7 28. Qb1
Nb8 29. Rbc3 Rd8 30. Nf3 Nfd7 31. Qb2 f6 32. Nf5 Qe6 33. N5h4 Nf8 34. Bb1 Qe7
35. Ng6 Nxg6 36. Bxg6 f5 37. Ne5 Rd6 38. Bf7+ Kh7 39. Bh5 Bb7 40. Qc2 Qf6 41.
Bg6+ Kg8 42. Qxf5 Qxf5 43. Bxf5 Rf6 44. Bg4 Bc8 45. Bf3 Bf5 46. Bxd5+ Kh8 47.
Bxc6 Nxc6 48. Rxc6 Rcxc6 49. Rxc6 Rxc6 50. Nxc6 Bc8 51. f3 g5 52. Kf2 Kg7 53.
e4 Kf6 54. Ke3 Bb7 55. d5 h5 56. e5+ Kg7 57. Ke4 Kg6 58. e6 Kf6 59. e7 1-0

[Event "POLFINAL MISTRZOSTW POLSKI JUNIOROW 2019 - D15"]
[Site "Ustron"]
[Date "1899-12-30"]
[Round "4.4"]
[White "Kot, Ewelina"]
[Black "Nowak, Roksana"]
[Result "0-1"]
[WhiteTitle "I"]
[BlackTitle "I"]
[WhiteElo "1239"]
[BlackElo "1358"]

1. e4 e5 2. Bc4 Nc6 3. Nf3 Bc5 4. d3 Nf6 5. O-O d6 6. Be3 Bb6 7. Bxb6 axb6 8. Nc3
Bg4 9. Nd5 Nd4 10. Kh1 Nxd5 11. Bxd5 c6 12. Bxf7+ Kxf7 13. Nxe5+ dxe5 14. Qxg4
h5 15. Qd1 Qg5 16. c3 Ne6 17. Qf3+ Ke7 18. Qe3 Qxe3 19. fxe3 Nc5 20. Rfd1 Rhd8
21. d4 Nxe4 22. Re1 Rf8 23. Rf1 Rxa2 24. Kg1 Rxf1+ 25. Rxf1 Rxb2 26. c4 Rc2 27.
dxe5 Rxc4 28. Rf4 Rc1+ 29. Rf1 Rxf1+ 30. Kxf1 Ke6 0-1

[Event "POLFINAL MISTRZOSTW POLSKI JUNIOROW 2019 - D15"]
[Site "Ustron"]
[Date "1899-12-30"]
[Round "4.5"]
[White "Bienko, Jagoda"]
[Black "Czajkowska, Paulina"]
[Result "1-0"]
[WhiteTitle "I"]
[BlackTitle "II"]
[WhiteElo "1350"]
[BlackElo "1224"]

1. d4 Nf6 2. c4 g6 3. Nc3 Bg7 4. e4 d6 5. Nf3 O-O 6. Be2 Nbd7 7. O-O b6 8. Ne1
Bb7 9. d5 c6 10. Be3 cxd5 11. cxd5 Nc5 12. Qc2 e6 13. b4 Ncxe4 14. Nxe4 Nxe4 15.
Rd1 Nc3 16. Rc1 Nxe2+ 17. Qxe2 Bxd5 18. Nf3 Bxf3 19. Qxf3 Qf6 20. Qc6 d5 21. Rc2
d4 22. Bd2 e5 23. Qb7 Qd6 24. Rc7 a5 25. Rxf7 Rxf7 26. Qxa8+ Rf8 27. Qa6 axb4
28. Qc4+ Rf7 29. Bxb4 Qd7 30. Rc1 Bf8 31. Bxf8 Kxf8 32. Qb4+ Kg7 33. Qxb6 Qf5
34. Qb2 d3 35. Re1 Kf6 36. f4 Re7 37. fxe5+ Rxe5 38. Rf1 Qxf1+ 39. Kxf1 Kf5 40.
Qd4 Ke6 41. Qxd3 Rf5+ 42. Kg1 Kf6 43. a4 h5 44. a5 Rxa5 45. Qd6+ Kf5 46. Qd7+
Ke4 47. Qe6+ Kf4 48. Qf6+ Ke4 49. Qxg6+ Kf4 50. Qh6+ Ke4 51. h3 Ra1+ 52. Kh2 Ra3
53. Qc6+ Kf5 54. Qc5+ Kf4 55. Qxa3 h4 56. g3+ hxg3+ 57. Qxg3+ Kf5 58. h4 Kf6 59.
h5 Kf7 60. Qg6+ Ke7 1-0

[Event "POLFINAL MISTRZOSTW POLSKI JUNIOROW 2019 - D15"]
[Site "Ustron"]
[Date "1899-12-30"]
[Round "4.6"]
[White "Zablocka, Marta"]
[Black "Czernikowska, Laura"]
[Result "0-1"]
[WhiteTitle "I"]
[BlackTitle "WCM"]
[WhiteElo "1315"]
[BlackElo "1349"]

1. e4 c5 2. Nf3 e6 3. d4 cxd4 4. Nxd4 Nc6 5. Nxc6 bxc6 6. Bd3 Nf6 7. O-O Be7 8.
Nd2 e5 9. Nc4 Qc7 10. Re1 O-O 11. Ne3 d6 12. Nf5 Bxf5 13. exf5 d5 14. f3 Rad8
15. Qe2 Rfe8 16. Kh1 Bd6 17. g4 e4 18. fxe4 Nxe4 19. Be3 Bg3 20. Rf1 Bd6 21. Bxe4
Rxe4 22. Qf3 Rde8 23. Bg1 Be5 24. c3 Qb7 25. Qg2 a6 26. Rae1 Bd6 27. Rxe4 Rxe4
28. f6 g6 29. Qh3 Qxb2 30. a4 Qe2 31. g5 Rg4 32. Rf2 Qe4+ 33. Rg2 Rxg2 34. Qxg2
Qxa4 35. Qe2 Qe4+ 36. Qxe4 dxe4 37. Be3 Kf8 38. Kg2 Ke8 39. h3 Kd7 40. Kf2 Ke6
41. Bd2 Kf5 42. c4 Bf4 43. Bxf4 Kxf4 44. h4 a5 0-1

[Event "POLFINAL MISTRZOSTW POLSKI JUNIOROW 2019 - D15"]
[Site "Ustron"]
[Date "1899-12-30"]
[Round "4.7"]
[White "Kokoszka, Alicja"]
[Black "Buchta, Alicja"]
[Result "1/2-1/2"]
[WhiteTitle "II"]
[BlackTitle "II"]
[WhiteElo "1135"]
[BlackElo "1107"]

1. d4 d5 2. c4 c6 3. e3 e6 4. Nc3 Bb4 5. Qb3 Qa5 6. cxd5 exd5 7. Bd3 Nf6 8. Bd2
O-O 9. a3 Bxc3 10. Bxc3 Qc7 11. Qc2 Re8 12. Nf3 Bg4 13. Ne5 Bh5 14. h4 Nbd7 15.
Nxd7 Qxd7 16. Bf5 Qd8 17. Bb4 a5 18. Bc3 Bg6 19. Bxg6 fxg6 20. Qe2 Rf8 21. Rf1
Ne4 22. g3 Qb6 23. Rc1 Rf7 24. Qg4 Qc7 25. f4 Qe7 26. Rf3 Qe8 27. Rc2 Re7 28.
Re2 Qf8 29. Rf1 b5 30. Rf3 b4 31. axb4 axb4 32. Kf1 bxc3 33. bxc3 Ra1+ 34. Kg2
Nxc3 35. Rc2 Ra2 36. Rxa2 Nxa2 37. f5 gxf5 38. Rxf5 Qe8 39. Rg5 Qd7 40. Qf4 Nc3
41. Rf5 Re8 42. h5 Qe7 43. Kh2 Qe4 44. Qg5 Qe7 45. Qf4 Qe4 46. Qg5 1/2-1/2

[Event "POLFINAL MISTRZOSTW POLSKI JUNIOROW 2019 - D15"]
[Site "Ustron"]
[Date "1899-12-30"]
[Round "4.8"]
[White "Rozumek, Paulina"]
[Black "Pacho, Maria"]
[Result "0-1"]
[WhiteTitle "II"]
[BlackTitle "II"]
[WhiteElo "1151"]
[BlackElo "1223"]

1. Nf3 c5 2. b3 Nf6 3. Bb2 g6 4. Bxf6 exf6 5. e4 Bg7 6. Nc3 O-O 7. Bc4 d6 8. O-O
f5 9. Re1 fxe4 10. Rxe4 Bf5 11. Re2 Nc6 12. Rc1 Ne5 13. Nxe5 Bxe5 14. Re1 Qg5
15. Nd5 h5 16. c3 Kh7 17. d4 Bg7 18. dxc5 dxc5 19. Re7 Rad8 20. Re3 Be6 21. Rd3
b5 22. Bxb5 Rxd5 23. Qf1 Rxd3 24. Bxd3 Bd5 25. Re1 Bxc3 26. Re2 Rd8 27. g3 h4
28. Bc4 Bxc4 29. bxc4 hxg3 30. Qh3+ Kg7 31. Qxg3 Qxg3+ 32. hxg3 Rd2 33. Kf1 Kf6
34. Rxd2 Bxd2 35. Ke2 Bc3 36. Kd3 Bd4 37. f3 Ke5 38. Ke2 g5 39. a4 a5 40. Kf1
Bc3 0-1

[Event "POLFINAL MISTRZOSTW POLSKI JUNIOROW 2019 - D15"]
[Site "Ustron"]
[Date "1899-12-30"]
[Round "4.10"]
[White "Rodzik, Malgorzata"]
[Black "Szymura, Oliwia"]
[Result "1/2-1/2"]
[WhiteTitle "II"]
[BlackTitle "II"]
[WhiteElo "1138"]
[BlackElo "1187"]

1. d4 c5 2. Nf3 cxd4 3. Nxd4 d5 4. Bf4 Nc6 5. e3 e6 6. Bd3 Nxd4 7. exd4 Nf6 8.
Nd2 Qb6 9. Nb3 Be7 10. c3 O-O 11. O-O Bd7 12. Rb1 Bb5 13. Nc1 Qa6 14. Re1 Rfd8
15. Bxb5 Qxb5 16. Nd3 Nd7 17. Ne5 Nxe5 18. Bxe5 Bd6 19. Bxd6 Rxd6 20. Qe2 a6 21.
Qxb5 axb5 22. a3 g6 23. g3 Kg7 24. Kg2 Re8 25. Re3 f6 26. f4 Kf7 27. Kf3 h6 28.
Rbe1 Re7 29. h4 h5 30. g4 hxg4+ 31. Kxg4 1/2-1/2

[Event "POLFINAL MISTRZOSTW POLSKI JUNIOROW 2019 - D15"]
[Site "Ustron"]
[Date "1899-12-30"]
[Round "4.13"]
[White "Pieczewska, Gabriela"]
[Black "Kowalska, Julia"]
[Result "1-0"]
[WhiteTitle "I"]
[BlackTitle "II"]
[WhiteElo "1184"]
[BlackElo "1055"]

1. c4 e5 2. Nc3 Nf6 3. g3 Nc6 4. Bg2 Bb4 5. a3 Ba5 6. b4 Bxb4 7. axb4 Nxb4 8. Ba3
Nc6 9. e3 d6 10. Nge2 O-O 11. O-O Be6 12. c5 d5 13. d4 e4 14. Nf4 Bf5 15. Qb3
Na5 16. Qb5 c6 17. Qa4 a6 18. Rfb1 Rb8 19. Bb4 Nc4 20. Qc2 Re8 21. Na4 Nd7 22.
Bf1 b5 23. cxb6 Ndxb6 24. Nxb6 Qxb6 25. Bxc4 dxc4 26. Qxc4 Qb5 27. Qa2 c5 28.
Bxc5 Qc6 29. Rxb8 Rxb8 30. Qxa6 Qxa6 31. Rxa6 h6 32. Rb6 Rxb6 33. Bxb6 g5 34.
Nd5 Kg7 35. Ne7 Bd7 36. d5 Kf6 37. d6 Ke6 38. Bc7 f6 39. h4 h5 40. Kg2 Kf7 41.
Nd5 Be6 42. Nb6 Ke8 43. f3 exf3+ 44. Kxf3 g4+ 45. Ke4 Bd7 46. Nxd7 Kxd7 47. Kf5
Ke8 48. Kxf6 Kd7 49. e4 1-0

[Event "POLFINAL MISTRZOSTW POLSKI JUNIOROW 2019 - D15"]
[Site "Ustron"]
[Date "1899-12-30"]
[Round "5.1"]
[White "Cieslak, Jessica"]
[Black "Czerwinska, Oliwia"]
[Result "1/2-1/2"]
[WhiteTitle "I"]
[BlackTitle "I"]
[WhiteElo "1304"]
[BlackElo "1366"]

1. d4 Nf6 2. c4 e6 3. Nf3 b6 4. Qc2 d6 5. Nc3 Bb7 6. e4 Be7 7. Bd3 h6 8. O-O Nbd7
9. h3 e5 10. dxe5 dxe5 11. Nd5 O-O 12. b3 Bd6 13. Bb2 Re8 14. Qe2 c6 15. Ne3 Nc5
16. Nf5 Nxd3 17. Qxd3 Bc7 18. Qe3 c5 19. Ng3 Qe7 20. Nd2 Rad8 21. Nb1 Rd7 22.
Nc3 Qe6 23. Nd5 Bb8 24. Rad1 Red8 25. Rd2 Bc6 26. Rfd1 Kh8 27. Nf5 Kh7 28. Rd3
Bxd5 29. cxd5 Nxd5 30. Qg3 g6 31. exd5 Qxf5 32. Qf3 Qxf3 33. Rxf3 Kg7 34. Rfd3
f6 35. f3 Kf7 36. Kf2 Bc7 1/2-1/2

[Event "POLFINAL MISTRZOSTW POLSKI JUNIOROW 2019 - D15"]
[Site "Ustron"]
[Date "1899-12-30"]
[Round "5.2"]
[White "Czernikowska, Laura"]
[Black "Matyjasek, Michalina"]
[Result "1-0"]
[WhiteTitle "WCM"]
[BlackTitle "I"]
[WhiteElo "1349"]
[BlackElo "1366"]

1. d4 c5 2. d5 e5 3. e4 d6 4. c4 g6 5. Nc3 Bg7 6. Bd3 Nf6 7. Nge2 O-O 8. Ng3 Ne8
9. h4 Nd7 10. h5 a6 11. Be3 Ndf6 12. f3 Bd7 13. Qd2 Qa5 14. a4 Nc7 15. Kf2 Qb4
16. Qc1 Nce8 17. a5 b6 18. Bd2 bxa5 19. Nb5 Bh6 20. Bxh6 Bxb5 21. Bd2 Qb3 22.
Ra3 Qxa3 23. bxa3 Bd7 24. Bxa5 Rb8 25. Qc2 Ra8 26. Qb2 Bc8 27. Bd8 Bd7 28. Be7
Bc8 29. Bxf8 Kxf8 30. hxg6 fxg6 31. Bc2 Kg8 32. Ba4 a5 33. Bc6 Ra7 34. Qb8 Rc7
35. Bxe8 Nxe8 36. Rb1 Kf8 37. Qa8 Ke7 38. Rb8 Bd7 39. Qxa5 Rc8 40. Rxc8 Bxc8 41.
Qa7+ Kf8 42. a4 1-0

[Event "POLFINAL MISTRZOSTW POLSKI JUNIOROW 2019 - D15"]
[Site "Ustron"]
[Date "1899-12-30"]
[Round "5.3"]
[White "Nowak, Roksana"]
[Black "Franek, Diana"]
[Result "1/2-1/2"]
[WhiteTitle "I"]
[BlackTitle "I"]
[WhiteElo "1358"]
[BlackElo "1299"]

1. f4 f5 2. Nf3 Nf6 3. e3 e6 4. b3 b6 5. Bb2 Bb7 6. Be2 Be7 7. O-O O-O 8. Qe1 h6
9. Ne5 Qe8 10. d3 d6 11. Nf3 Nbd7 12. c4 c5 13. Nc3 a6 14. Qg3 Qf7 15. Nh4 Kh7
16. Bf3 d5 17. cxd5 Nxd5 18. Nxd5 Bxh4 19. Qxh4 exd5 20. Bh5 g6 21. Be2 Rfe8 22.
Rf3 h5 23. Rg3 d4 24. Re1 Rxe3 25. Rxe3 dxe3 26. g4 fxg4 27. Bxg4 Re8 28. Qh3
Qxf4 29. Rf1 Qxg4+ 30. Qxg4 hxg4 31. Rf7+ Kg8 32. Rxd7 e2 33. Bc3 Bf3 34. Be1
1/2-1/2

[Event "POLFINAL MISTRZOSTW POLSKI JUNIOROW 2019 - D15"]
[Site "Ustron"]
[Date "1899-12-30"]
[Round "5.4"]
[White "Pacho, Maria"]
[Black "Bienko, Jagoda"]
[Result "0-1"]
[WhiteTitle "II"]
[BlackTitle "I"]
[WhiteElo "1223"]
[BlackElo "1350"]

1. c4 c5 2. g3 Nc6 3. Nf3 g6 4. Bg2 Bg7 5. O-O Nf6 6. Nc3 O-O 7. d3 d6 8. Bd2 Bd7
9. Rb1 Rb8 10. a3 a5 11. Nb5 b6 12. b4 axb4 13. axb4 cxb4 14. Bxb4 Nxb4 15. Rxb4
d5 16. Nc3 dxc4 17. dxc4 Bc6 18. Qb3 Ne4 19. Rd1 Qc8 20. Nd5 Bxd5 21. cxd5 Nc5
22. Qb1 Qa6 23. Nd4 Bxd4 24. Rdxd4 Qxe2 25. Rxb6 Rxb6 26. Qxb6 Qe1+ 27. Bf1 Ne4
28. Qb2 Rd8 29. Qe2 Qxe2 30. Bxe2 Nc3 31. Bc4 Rd6 32. Rd3 Na4 33. Rd4 Nb6 34.
Ba2 e6 35. Kg2 Kg7 36. Kf3 Nxd5 37. Bxd5 Rxd5 38. Rd3 Rxd3+ 0-1

[Event "POLFINAL MISTRZOSTW POLSKI JUNIOROW 2019 - D15"]
[Site "Ustron"]
[Date "1899-12-30"]
[Round "5.6"]
[White "Czajkowska, Paulina"]
[Black "Kulpa, Karolina"]
[Result "1/2-1/2"]
[WhiteTitle "II"]
[BlackTitle "I"]
[WhiteElo "1224"]
[BlackElo "1319"]

1. e4 c5 2. Nf3 d6 3. d4 cxd4 4. Nxd4 Nf6 5. Nc3 a6 6. f3 e5 7. Nb3 Be7 8. Be3
O-O 9. Qd2 Be6 10. O-O-O Nbd7 11. g4 b5 12. g5 b4 13. Ne2 Ne8 14. f4 exf4 15.
Bxf4 a5 16. h4 a4 17. Nbd4 Qb6 18. Nxe6 fxe6 19. h5 b3 20. cxb3 axb3 21. a3 Rc8+
22. Nc3 Qa5 23. Kb1 Qa8 24. g6 Rxc3 25. gxh7+ Kh8 26. bxc3 Qxe4+ 27. Bd3 Qxf4
28. Qxf4 Rxf4 29. h6 g5 30. Rhf1 Rxf1 31. Rxf1 Nef6 32. Kb2 Nc5 33. Bb1 1/2-1/2

[Event "POLFINAL MISTRZOSTW POLSKI JUNIOROW 2019 - D15"]
[Site "Ustron"]
[Date "1899-12-30"]
[Round "5.7"]
[White "Zajac, Aleksandra"]
[Black "Zablocka, Marta"]
[Result "1/2-1/2"]
[WhiteTitle "II"]
[BlackTitle "I"]
[WhiteElo "1162"]
[BlackElo "1315"]

1. d4 Nf6 2. Nf3 e6 3. Bf4 Nc6 4. e3 Ne7 5. h3 Ng6 6. Bh2 b6 7. Bd3 Bb7 8. Nbd2
Be7 9. e4 d6 10. Qe2 a5 11. c3 O-O 12. g4 Nd7 13. Bg3 Nh4 14. Rg1 Ng6 15. Rh1
Nh4 16. Rg1 Ng6 17. Rh1 Nh4 18. Rg1 1/2-1/2

[Event "POLFINAL MISTRZOSTW POLSKI JUNIOROW 2019 - D15"]
[Site "Ustron"]
[Date "1899-12-30"]
[Round "5.8"]
[White "Reszka, Zofia"]
[Black "Retz, Agnieszka"]
[Result "1/2-1/2"]
[WhiteTitle "I"]
[BlackTitle "II+"]
[WhiteElo "1258"]
[BlackElo "1221"]

1. d4 d5 2. c4 e6 3. Nc3 b6 4. cxd5 exd5 5. Qc2 Nf6 6. Bg5 Be7 7. e3 O-O 8. Bd3
Nbd7 9. Nf3 Bb7 10. h3 h6 11. Bf4 c5 12. b3 Rc8 13. Qb2 Re8 14. O-O Ne4 15. dxc5
Ndxc5 16. Bb5 Bf6 17. Nd4 Re7 18. Rac1 Ne6 19. Nce2 a6 20. Bd3 Nxf4 21. Nxf4 Rxc1
22. Rxc1 Rc7 23. a3 Qd6 24. Nh5 Be5 25. f3 Bxd4 26. exd4 Rxc1+ 27. Qxc1 Ng5 28.
b4 b5 29. Nf4 Ne6 30. Nxe6 Qxe6 31. Kf2 Qc6 32. Qf4 Qe6 33. Bf5 Qe8 34. Qc7 Bc6
35. Qb6 Qa8 36. Qc7 g6 37. Bd7 Bxd7 38. Qxd7 Kg7 39. a4 bxa4 40. Qxa4 Qb7 41.
h4 Qb5 42. Qxb5 axb5 43. Ke3 f5 44. g4 fxg4 45. fxg4 Kf6 46. Kf4 g5+ 47. hxg5+
hxg5+ 1/2-1/2

[Event "POLFINAL MISTRZOSTW POLSKI JUNIOROW 2019 - D15"]
[Site "Ustron"]
[Date "1899-12-30"]
[Round "5.9"]
[White "Buchta, Alicja"]
[Black "Kot, Ewelina"]
[Result "1/2-1/2"]
[WhiteTitle "II"]
[BlackTitle "I"]
[WhiteElo "1107"]
[BlackElo "1239"]

1. c4 e5 2. Nc3 Nf6 3. g3 Bb4 4. Bg2 O-O 5. e3 c6 6. Nge2 d5 7. cxd5 cxd5 8. d4
e4 9. O-O Nc6 10. a3 Bxc3 11. Nxc3 Re8 12. f3 Bf5 13. fxe4 Bxe4 14. Nxe4 Nxe4
15. Rf4 Nf6 16. Qf1 Qc7 17. Bd2 Qe7 18. Qf2 Nd8 19. h3 Rc8 20. Rc1 Rxc1+ 21. Bxc1
Ne6 22. Rf5 Rc8 23. Qf1 Nc7 24. Qe1 Nb5 25. Rf1 Rc2 26. a4 Nd6 27. Rf2 Rxf2 28.
Qxf2 Qc7 29. Qe1 Nde4 30. Bxe4 Nxe4 31. g4 Qc2 32. a5 Ng5 33. Qf1 Nxh3+ 34. Qxh3
Qxc1+ 35. Kf2 Qxb2+ 36. Kf3 Qb5 37. g5 g6 38. Kf4 Qe8 39. Qg2 Qb8+ 40. Kf3 Qc8
41. Qg3 b6 42. axb6 axb6 43. Ke2 Qa6+ 44. Kf2 Qb7 45. Qd6 Qc8 46. Qxd5 Qf5+ 47.
Qxf5 gxf5 48. d5 Kf8 49. Kf3 Ke7 50. Kf4 b5 51. Kxf5 b4 52. Ke4 b3 1/2-1/2